Normal view
MARC view
- Allen, Edward,
Entry Personal Name
001 - CONTROL NUMBER
- control field: 817
003 - CONTROL NUMBER IDENTIFIER
- control field: NUST
005 - DATE AND TIME OF LATEST TRANSACTION
- control field: 20170516111455.0
008 - FIXED-LENGTH DATA ELEMENTS
- fixed length control field: 170516|| aca||aabn | a|a d
040 ## - CATALOGING SOURCE
- Original cataloging agency: NUST
- Transcribing agency: NUST
100 ## - HEADING--PERSONAL NAME
- Personal name: Allen, Edward,
670 ## - SOURCE DATA FOUND
- Source citation: Work cat.: (NUST)0: Allen, Edward,, Fundamentals of building construction :, c2004.
